History of Europe and the Middle East : course companion (Record no. 64241)
[ view plain ]
| 000 -LEADER | |
|---|---|
| fixed length control field | 01612nam a2200313 a 4500 |
| 008 - FIXED-LENGTH DATA ELEMENTS--GENERAL INFORMATION | |
| fixed length control field | 201117s2012 ||||||||||||||||| || u |
| 020 ## - INTERNATIONAL STANDARD BOOK NUMBER | |
| International Standard Book Number | 9780198390169 |
| 050 ## - LIBRARY OF CONGRESS CALL NUMBER | |
| Classification number | D 358 Hab |
| 100 ## - MAIN ENTRY--PERSONAL NAME | |
| Personal name | Keys, David |
| 245 10 - TITLE STATEMENT | |
| Title | History of Europe and the Middle East : course companion |
| Statement of responsibility, etc. | By Mariam Habibi; Peyman Jafari; Richard Jones-Nerzic; David Keys; David Smith |
| 246 ## - | |
| -- | Oxford IB diploma programme |
| 260 ## - PUBLICATION, DISTRIBUTION, ETC. | |
| Place of publication, distribution, etc. | Oxford |
| Name of publisher, distributor, etc. | Oxford University Press |
| Date of publication, distribution, etc. | 2012 |
| 300 ## - PHYSICAL DESCRIPTION | |
| Extent | 440 pages : illustrations |
| 350 ## - | |
| -- | 61.32 |
| 650 ## - SUBJECT ADDED ENTRY--TOPICAL TERM | |
| Topical term or geographic name entry element | EUROPE--HISTORY--19TH CENTURY |
| 650 ## - SUBJECT ADDED ENTRY--TOPICAL TERM | |
| Topical term or geographic name entry element | INTERNATIONAL BACCALAUREATE--STUDY GUIDES |
| 650 ## - SUBJECT ADDED ENTRY--TOPICAL TERM | |
| Topical term or geographic name entry element | MIDDLE EAST--HISTORY--20TH CENTURY--EXAMINATIONS--STUDY GUIDES |
| 650 ## - SUBJECT ADDED ENTRY--TOPICAL TERM | |
| Topical term or geographic name entry element | MIDDLE EAST--HISTORY--20TH CENTURY |
| 650 ## - SUBJECT ADDED ENTRY--TOPICAL TERM | |
| Topical term or geographic name entry element | EUROPE--HISTORY--20TH CENTURY--EXAMINATIONS--STUDY GUIDES |
| 650 ## - SUBJECT ADDED ENTRY--TOPICAL TERM | |
| Topical term or geographic name entry element | EUROPE--HISTORY--19TH CENTURY--EXAMINATIONS--STUDY GUIDES |
| 650 ## - SUBJECT ADDED ENTRY--TOPICAL TERM | |
| Topical term or geographic name entry element | EUROPE--HISTORY--20TH CENTURY |
| 700 ## - ADDED ENTRY--PERSONAL NAME | |
| Personal name | Habibi, Mariam |
| 700 ## - ADDED ENTRY--PERSONAL NAME | |
| Personal name | Jafari, Peyman |
| 700 ## - ADDED ENTRY--PERSONAL NAME | |
| Personal name | Jones-Nerzic, Richard |
| 700 ## - ADDED ENTRY--PERSONAL NAME | |
| Personal name | Smith, David |
| 995 ## - | |
| -- | MEDICAL LIBRARY OPEN ACCESS |
| -- | 905183 |
| -- | CBU-SCHOOL OF MEDICINE LIBRARY (Ndola) |
| -- | 61.32 |
| -- | D 358 Hab |
| -- | 1 |
| -- | AVAILABLE |
| -- | Nov 23, 2020 |
| -- | 905183 |
| -- | Medical Library Open Access Collection |
| 995 ## - | |
| -- | KAPASA MAKASA LIBRARY OPEN ACCESS |
| -- | 750635 |
| -- | CBU-KAPASA MAKASA LIBRARY (Chinsali) |
| -- | 61.32 |
| -- | D 358 Hab |
| -- | 3 |
| -- | AVAILABLE |
| -- | Jan 21, 2021 |
| -- | 750635 |
| -- | Kapasa Makasa Library Open Acess Collection |
| 995 ## - | |
| -- | MAIN LIBRARY OPEN ACCESS |
| -- | 750568 |
| -- | CBU-MAIN LIBRARY (Kitwe) |
| -- | 61.32 |
| -- | D 358 Hab |
| -- | 2 |
| -- | AVAILABLE |
| -- | Dec 10, 2020 |
| -- | 750568 |
| -- | Main Library Open Access Collection |
| 999 ## - | |
| -- | 64241 |
| -- | 64241 |
No items available.